Les huit capitales australiennes - Statistiques

Statistiques générales
  • Ce quiz a été pris 270 fois
  • Le résultat moyen est 6 sur 8
Statistiques - réponses
état / territoire population capitale % Correct
Nouvelle-Galles du Sud 5 000 000 Sydney
100%
Territoire de la capitale australienne 410 000 Canberra
96%
Victoria 4 550 000 Melbourne
92%
Australie-Occidentale 2 000 000 Perth
86%
Queensland 2 950 000 Brisbane
74%
Australie-Méridionale 1 320 000 Adélaïde
71%
Territoire du Nord 146 000 Darwin
58%
Tasmanie 220 000 Hobart
47%
Aucun quiz correspondant
Distribution des résultats
% des personnes avec chaque résultat
Percentile par nombre de réponses
Votre historique - résultats
Vous n’avez pas pris ce quiz